000
00335nam a2200157Ia 4500
100
_a
Wehner/H
650
_a
Electrical Engineering
490
_v
27
942
_c
RB
654
_a
Galvanison
245
_a
Galvanic Secondary Cells
260
_b
Wiley Eastern.
_a
NEW DELHI
_c
1991
300
_a
68
546
_a
ENGLISH
999
_c
23832
_d
23832